000
nam a22 7a 4500
999
_c
233559
_d
233559
005
20170308172256.0
008
170.308b xxu||||| |||| 00| 0 eng d
040
_c
.
245
_a
Ansys, Inc .Release Notes
_c
Canonsburg
300
_a
156 p. ;
_c
24 cm.
942
_2
ddc
_c
BK